000 00375nam a22001457a 4500
008 210505b ||||| |||| 00| 0 eng d
020 _a9789951001793
041 _aeng
080 _a721
082 _a721
100 _a41
101 _aNDE
245 _aPermbledhje detyrash te Zgjidhura nga Rezidenca e Materialeve I
_cFetah S.Jagxhiu Arton D. Dautaj
942 _2udc
_cBK
999 _c57078
_d57078